Á lódáil...
Investment alocation in Indian planning
| Príomhúdar: | |
|---|---|
| Formáid: | Printed Book |
| Teanga: | Undetermined English |
| Foilsithe: |
Bombay
Himalaya publishing house
1981
|
| Ábhair: |
| LEADER | 00553nam a2200169Ia 4500 | ||
|---|---|---|---|
| 008 | 140306s9999 xx 000 0 und d | ||
| 041 | |a eng | ||
| 082 | |a 330 |b SRI/IN | ||
| 100 | |a Srinivasamurthy, AP | ||
| 245 | |a Investment alocation in Indian planning | ||
| 260 | |a Bombay |b Himalaya publishing house |c 1981 | ||
| 300 | |a 331 | ||
| 650 | |a Economics | ||
| 650 | |a Irrigation | ||
| 942 | |2 ddc |c BK | ||
| 999 | |c 119217 |d 119217 | ||
| 952 | |0 0 |1 0 |2 ddc |4 0 |6 330_000000000000000_SRIIN |7 0 |9 118301 |a KAUHCV |b KAUHCV |d 2004-05-05 |o 330 SRI/IN |p KAU_HCV-15838 |r 2014-03-22 |w 2014-03-22 |y BK | ||